000 00827nam a2200217 a 4500
005 20180803165323.0
008 160129s2006 ck a gr|||| 00| 0 spa d
040 _aCO-BoIAVH
_cCO-BoIAVH
041 0 _aspa
044 _ack
082 0 4 _a639.31
_bM71p
100 1 _aMojica Benítez, Hermes Orlando
245 1 3 _aLa pesca ornamental en el sector Acacias - Castilla La Nueva /
_cCorporación para el Desarrollo Sostenible de la Macarena, Fundación BAS
260 _aVillavicencio :
_bCorporación para el Desarrollo Sostenible de la Macarena :
_bFundación BAS,
_c2006.
300 _a34 páginas :
_bIlustraciones ;
_c21 x 14 cm.
650 6 _aEcosistemas acuáticos
650 6 _aSistemas lenticos
650 6 _aPeces ornamentales
700 1 _aCasas Reina, Harold
942 _cLIBRO
_2ddc
999 _c5901
_d5901